[Event "Match of the Millennials U17"]
[Site "Saint Louis"]
[Date "2017.07.29"]
[Round "8.2"]
[White "Chopra, Aryan"]
[Black "Sevian, Sam"]
[Result "1/2-1/2"]
[BlackElo "2633"]
[WhiteElo "2491"]
[LiveChessVersion "1.4.8"]

1. e4 {[%clk 1:30:57]} e5 {[%clk 1:30:50]} 2. Nf3 {[%clk 1:31:22]} Nc6
{[%clk 1:31:07]} 3. Bb5 {[%clk 1:31:45]} a6 {[%clk 1:31:23]} 4. Ba4
{[%clk 1:32:09]} Nf6 {[%clk 1:31:32]} 5. O-O {[%clk 1:32:27]} Be7
{[%clk 1:31:52]} 6. Re1 {[%clk 1:32:46]} b5 {[%clk 1:32:07]} 7. Bb3
{[%clk 1:33:14]} d6 {[%clk 1:32:26]} 8. c3 {[%clk 1:33:34]} O-O {[%clk 1:32:33]}
9. h3 {[%clk 1:33:56]} Na5 {[%clk 1:32:58]} 10. Bc2 {[%clk 1:34:21]} c5
{[%clk 1:33:19]} 11. d4 {[%clk 1:34:37]} Qc7 {[%clk 1:33:33]} 12. Nbd2
{[%clk 1:34:59]} Rd8 {[%clk 1:33:08]} 13. b3 {[%clk 1:32:07]} Bd7
{[%clk 1:24:10]} 14. Nf1 {[%clk 1:29:03]} c4 {[%clk 0:54:44]} 15. b4
{[%clk 1:22:05]} exd4 {[%clk 0:54:33]} 16. Nxd4 {[%clk 1:19:17]} Nc6
{[%clk 0:54:36]} 17. Bf4 {[%clk 1:09:49]} Nxd4 {[%clk 0:49:37]} 18. Qxd4
{[%clk 1:09:58]} Be6 {[%clk 0:40:30]} 19. Ne3 {[%clk 0:59:58]} a5
{[%clk 0:35:58]} 20. a3 {[%clk 0:51:44]} Qa7 {[%clk 0:35:50]} 21. Qxa7
{[%clk 0:43:33]} Rxa7 {[%clk 0:36:08]} 22. Red1 {[%clk 0:43:24]} Raa8
{[%clk 0:18:15]} 23. Kf1 {[%clk 0:33:18]} Kf8 {[%clk 0:17:46]} 24. e5
{[%clk 0:30:25]} dxe5 {[%clk 0:15:12]} 25. Bxe5 {[%clk 0:30:37]} g6
{[%clk 0:12:04]} 26. Ke2 {[%clk 0:26:25]} Nd5 {[%clk 0:10:56]} 27. Be4
{[%clk 0:25:15]} Nxe3 {[%clk 0:11:07]} 28. Kxe3 {[%clk 0:24:16]} Rxd1
{[%clk 0:10:41]} 29. Rxd1 {[%clk 0:24:40]} Ra6 {[%clk 0:11:07]} 30. Bd4
{[%clk 0:14:52]} axb4 {[%clk 0:11:00]} 31. axb4 {[%clk 0:15:20]} Ra3
{[%clk 0:10:22]} 32. Bc6 {[%clk 0:14:57]} Bxb4 {[%clk 0:09:55]} 33. Rb1
{[%clk 0:12:28]} Bd6 {[%clk 0:05:28]} 34. Rxb5 {[%clk 0:12:51]} Rb3
{[%clk 0:04:42]} 35. Ra5 {[%clk 0:12:26]} Ra3 {[%clk 0:02:48]} 36. Rxa3
{[%clk 0:10:41]} Bxa3 {[%clk 0:03:12]} 37. Bb6 {[%clk 0:09:03]} Be7
{[%clk 0:03:04]} 38. Ke4 {[%clk 0:09:13]} f5+ {[%clk 0:02:27]} 39. Ke5
{[%clk 0:08:28]} Bf7 {[%clk 0:02:37]} 40. Bc7 {[%clk 0:07:54]} Bg5
{[%clk 0:02:18]} 41. Kd4 {[%clk 0:06:45]} Ke7 {[%clk 0:01:50]} 42. Bd5
{[%clk 0:06:47]} Bxd5 {[%clk 0:02:03]} 43. Kxd5 {[%clk 0:07:15]} Kd7
{[%clk 0:02:28]} 44. Bb6 {[%clk 0:06:51]} Bf6 {[%clk 0:02:35]} 45. Kxc4
{[%clk 0:06:50]} Kc6 {[%clk 0:03:02]} 46. Bd4 {[%clk 0:06:58]} Bd8
{[%clk 0:03:26]} 47. Be3 {[%clk 0:05:11]} Bf6 {[%clk 0:03:34]} 48. Kd3
{[%clk 0:04:44]} Kd5 {[%clk 0:03:42]} 49. Bd4 {[%clk 0:05:00]} Bg5
{[%clk 0:03:48]} 50. Ke2 {[%clk 0:05:22]} Kc4 {[%clk 0:02:47]} 51. g4
{[%clk 0:05:33]} fxg4 {[%clk 0:01:35]} 52. hxg4 {[%clk 0:06:01]} Bc1
{[%clk 0:01:38]} 53. Be5 {[%clk 0:04:04]} Kd5 {[%clk 0:01:56]} 54. Bf6
{[%clk 0:03:18]} Kc4 {[%clk 0:02:17]} 55. Kf3 {[%clk 0:03:09]} Kd3
{[%clk 0:02:25]} 56. Kg3 {[%clk 0:03:18]} Bd2 {[%clk 0:02:02]} 57. Kh4
{[%clk 0:02:27]} Bf4 {[%clk 0:01:41]} 58. Bg7 {[%clk 0:01:31]} Bd2
{[%clk 0:01:25]} 59. Bf6 {[%clk 0:01:21]} Bf4 {[%clk 0:01:51]} 60. Bd4
{[%clk 0:01:47]} Ke4 {[%clk 0:01:53]} 61. Be3 {[%clk 0:01:17]} Bxe3
{[%clk 0:02:11]} 62. fxe3 {[%clk 0:01:43]} Kxe3 {[%clk 0:02:39]} 63. Kg5
{[%clk 0:02:02]} h5 {[%clk 0:03:06]} 64. gxh5 {[%clk 0:02:24]} gxh5
{[%clk 0:03:34]} 65. c4 {[%clk 0:02:46]} Kd4 {[%clk 0:04:02]} 66. Kxh5
{[%clk 0:03:10]} Kxc4 {[%clk 0:04:30]} 1/2-1/2

[Event "Match of the Millennials U17"]
[Site "Saint Louis"]
[Date "2017.07.29"]
[Round "8.3"]
[White "Li, Ruifeng"]
[Black "Esipenko, Andrey"]
[Result "1-0"]
[BlackElo "2523"]
[WhiteElo "2568"]
[LiveChessVersion "1.4.8"]

1. b3 {[%clk 1:30:58]} e5 {[%clk 1:30:40]} 2. Bb2 {[%clk 1:31:23]} Nc6
{[%clk 1:31:07]} 3. Nf3 {[%clk 1:31:44]} e4 {[%clk 1:24:55]} 4. Nd4
{[%clk 1:32:02]} Nf6 {[%clk 1:21:10]} 5. e3 {[%clk 1:31:44]} Nxd4
{[%clk 1:12:21]} 6. Bxd4 {[%clk 1:31:57]} d5 {[%clk 1:11:50]} 7. c4
{[%clk 1:32:19]} dxc4 {[%clk 1:11:15]} 8. Bxc4 {[%clk 1:31:40]} Bd6
{[%clk 1:09:55]} 9. Nc3 {[%clk 1:28:17]} Bf5 {[%clk 1:09:18]} 10. f3
{[%clk 1:22:42]} O-O {[%clk 1:01:49]} 11. O-O {[%clk 1:22:47]} Bg6
{[%clk 0:55:33]} 12. fxe4 {[%clk 1:14:52]} Nxe4 {[%clk 0:54:17]} 13. Nxe4
{[%clk 1:15:14]} Bxe4 {[%clk 0:54:41]} 14. Qg4 {[%clk 1:15:41]} Bg6
{[%clk 0:54:01]} 15. Rf5 {[%clk 1:16:06]} b5 {[%clk 0:31:28]} 16. Bxb5
{[%clk 1:00:49]} Qc8 {[%clk 0:30:42]} 17. Rg5 {[%clk 0:24:18]} Qxg4
{[%clk 0:28:00]} 18. Rxg4 {[%clk 0:24:45]} a6 {[%clk 0:25:00]} 19. Bc4
{[%clk 0:24:07]} Kh8 {[%clk 0:24:56]} 20. Rf1 {[%clk 0:23:36]} h5
{[%clk 0:21:46]} 21. Rg5 {[%clk 0:23:10]} Be7 {[%clk 0:18:18]} 22. Rxf7
{[%clk 0:20:38]} Bxf7 {[%clk 0:14:30]} 23. Bxg7+ {[%clk 0:19:37]} Kg8
{[%clk 0:14:26]} 24. Bf6+ {[%clk 0:19:14]} Kh7 {[%clk 0:14:45]} 25. Bxe7
{[%clk 0:18:32]} Rfe8 {[%clk 0:14:29]} 26. Bd3+ {[%clk 0:13:08]} Kh6
{[%clk 0:14:46]} 27. Re5 {[%clk 0:13:34]} Kg7 {[%clk 0:14:30]} 28. Be4
{[%clk 0:11:57]} Rab8 {[%clk 0:12:31]} 29. Bc6 {[%clk 0:12:09]} Rg8
{[%clk 0:12:40]} 30. Bc5 {[%clk 0:12:16]} Rgd8 {[%clk 0:11:03]} 31. d4
{[%clk 0:11:30]} Re8 {[%clk 0:08:30]} 32. Bxe8 {[%clk 0:09:46]} Rxe8
{[%clk 0:08:54]} 33. Rxe8 {[%clk 0:10:01]} Bxe8 {[%clk 0:09:23]} 34. Kf2
{[%clk 0:09:41]} Bc6 {[%clk 0:09:45]} 35. h3 {[%clk 0:10:07]} Kf7
{[%clk 0:09:21]} 36. g4 {[%clk 0:09:46]} h4 {[%clk 0:09:35]} 37. Bb4
{[%clk 0:09:38]} Ke6 {[%clk 0:09:27]} 38. Ba5 {[%clk 0:10:02]} Kd7
{[%clk 0:09:11]} 39. Kg1 {[%clk 0:10:27]} Bf3 {[%clk 0:08:48]} 40. Be1
{[%clk 0:10:48]} Ke6 {[%clk 0:09:15]} 41. Bxh4 {[%clk 0:11:14]} Kd5
{[%clk 0:09:43]} 42. Kf2 {[%clk 0:11:27]} Ke4 {[%clk 0:10:09]} 43. Bg5
{[%clk 0:11:44]} 1-0

[Event "Match of the Millennials U17"]
[Site "Saint Louis"]
[Date "2017.07.29"]
[Round "8.4"]
[White "Checa, Nicolas"]
[Black "Martirosyan, Haik"]
[Result "0-1"]
[BlackElo "2544"]
[WhiteElo "2415"]
[LiveChessVersion "1.4.8"]

1. d4 {[%clk 1:30:58]} d6 {[%clk 1:30:53]} 2. Nf3 {[%clk 1:30:35]} Nf6
{[%clk 1:31:17]} 3. c4 {[%clk 1:30:55]} g6 {[%clk 1:31:41]} 4. Nc3
{[%clk 1:31:18]} Bf5 {[%clk 1:32:04]} 5. Nh4 {[%clk 1:25:41]} Bd7
{[%clk 1:32:17]} 6. e4 {[%clk 1:24:30]} e5 {[%clk 1:32:09]} 7. Nf3
{[%clk 1:23:35]} exd4 {[%clk 1:32:03]} 8. Nxd4 {[%clk 1:23:11]} Bg7
{[%clk 1:32:28]} 9. Be2 {[%clk 1:22:54]} O-O {[%clk 1:32:50]} 10. O-O
{[%clk 1:22:06]} Nc6 {[%clk 1:31:59]} 11. Be3 {[%clk 1:21:17]} Re8
{[%clk 1:29:46]} 12. f3 {[%clk 1:14:18]} Nh5 {[%clk 1:28:27]} 13. Qd2
{[%clk 1:09:34]} Nf4 {[%clk 1:24:36]} 14. Rfd1 {[%clk 1:07:07]} Nxe2+
{[%clk 0:58:21]} 15. Ncxe2 {[%clk 1:06:24]} Ne5 {[%clk 0:56:23]} 16. Rac1
{[%clk 1:04:56]} a6 {[%clk 0:55:10]} 17. b3 {[%clk 1:01:37]} b5 {[%clk 0:40:46]}
18. c5 {[%clk 0:57:24]} dxc5 {[%clk 0:40:54]} 19. Rxc5 {[%clk 0:57:43]} Bf8
{[%clk 0:40:51]} 20. Rd5 {[%clk 0:44:05]} Qc8 {[%clk 0:39:16]} 21. Bh6
{[%clk 0:36:33]} c6 {[%clk 0:33:37]} 22. Bxf8 {[%clk 0:35:20]} cxd5
{[%clk 0:33:08]} 23. Bh6 {[%clk 0:30:41]} dxe4 {[%clk 0:33:12]} 24. Qf4
{[%clk 0:29:59]} f5 {[%clk 0:31:51]} 25. fxe4 {[%clk 0:27:54]} Nf7
{[%clk 0:31:00]} 26. exf5 {[%clk 0:27:43]} Bxf5 {[%clk 0:24:09]} 27. Rc1
{[%clk 0:22:02]} Qb8 {[%clk 0:23:47]} 28. Qd2 {[%clk 0:18:47]} Nxh6
{[%clk 0:23:16]} 29. Qxh6 {[%clk 0:19:14]} Qa7 {[%clk 0:22:45]} 30. Kh1
{[%clk 0:19:06]} Bg4 {[%clk 0:22:14]} 31. Qf4 {[%clk 0:18:16]} Bxe2
{[%clk 0:21:11]} 32. Rc7 {[%clk 0:18:34]} Qxc7 {[%clk 0:21:29]} 33. Qxc7
{[%clk 0:18:55]} Rac8 {[%clk 0:21:56]} 34. Qf4 {[%clk 0:18:57]} Rf8
{[%clk 0:22:15]} 0-1